000 00568nam a22001937a 4500
003 OSt
005 20251201103339.0
008 251201b |||||||| |||| 00| 0 eng d
020 _a 978-971-27-2231-8.
040 _aDWCL-Admin lib
_cOC
082 _aFil. 808.2 B814f 2009
100 _aBrainard, Cecilia M.
245 _aFundamentals of creative writing /
_cCecilia M. Brainard
260 _aPasig city :
_bAnvil Pub. , Inc.
_c c2009
300 _axl, 97 p. ;
_e23 cm.
650 _a1. Anthorship
650 _a2. Creative writing
942 _2ddc
_cBK-FIL
_kFil.
_n0
999 _c6634
_d6634